000 00544 a2200169 4500
020 _a 9971513986
040 _aDLC
_bDLC
082 _a 620.0014 STE
100 _aStevenson, Susan.
245 _aStrategies for engineering communication
_cSusan Stevenson
260 _aSingapore :
_bJohn Wiley & Sons, (Asia) Pte Ltd.,
_cc2002.
300 _a ix, 372 p. :
_bill. ;
_c 25 cm.
500 _aIncludes bibliographical references and index
650 _aCommunication in engineering.
700 _a Whitmore, Steve.
942 _cBK
_k620.0014 STE
_2ddc
999 _c8045
_d8045